000 00401 a2200157 4500
003 OSt
005 20180116182635.0
008 160502b xxu||||| |||| 00| 0 eng d
040 _c0
100 _aRobert S. Pindyck
110 _aDaniel L.Rubinfeld
245 _aMicroeconomics
_cRobert S. Pindyck
250 _a7th Ed
260 _aPearson Education India
_c2009
942 _aNBS
_cBK
_k338.5 PIN
_2ddc
999 _c343220
_d343220